=LDR 00000nam 2200000 4500 =001 INLIS000000000008890 =005 20130612100719 =008 ***********************************Ind** =035 ##$$0010-061300000008890 =041 ##$$a Ind =082 ##$$a F Rom D =090 ##$$a F Rom D, Tat g =100 ##$$a Tatsurya, Egawa =245 ##$$a Golden Boy, Egawai Tatsuya =260 ##$$a 2002 $b Jakarta =300 ##$$a ... jil , ilus, 18 cm =650 ##$$a Fiksi Dewasa =850 ##$$a NBPNMAT